Sports Quiz

Random Sports or City Quiz

WCW World Heavyweight Champions Quiz Stats

 Plays Quiz Updated Oct 11, 2018

Score 0/63 Timer 08:00
30 Plays Today
Date Wrestler % Correct
July 17, 1994Hulk Hogan
96.5%
August 10, 1996Hollywood Hogan
96.5%
August 9, 1997Hollywood Hogan
96.4%
April 20, 1998Hollywood Hogan
96.4%
Jan 4, 1999Hollywood Hogan
96.4%
July 12, 1999Hulk Hogan
96.5%
Jan 11, 1991Ric Flair
93%
Dec 27, 1993Ric Flair
93%
April 21, 1994Ric Flair
93%
Dec 27, 1995Ric Flair
93%
Feb 11, 1996Ric Flair
93%
March 14, 1999Ric Flair
93%
May 15, 2000Ric Flair
93%
May 29, 2000Ric Flair
93%
Feb 29, 1992Sting
92.6%
March 11, 1993Sting
92.6%
Dec 28, 1997Sting
92.6%
Feb 22, 1998Sting
92.6%
April 26, 1999Sting
92.6%
Sept 12, 1999Sting
92.6%
Dec 27, 1998Kevin Nash
91.6%
May 9, 1999Kevin Nash
91.6%
Jan 25, 2000Kevin Nash
91.6%
May 23, 2000Kevin Nash
91.6%
August 28, 2000Kevin Nash
91.6%
July 6, 1998Goldberg
87.2%
July 9, 2000Booker T.
85.8%
Sept 17, 2000Booker T.
85.8%
Oct 2, 2000Booker T.
85.8%
March 26, 2001Booker T.
85.8%
July 30, 2001Booker T.
85.8%
Nov 26, 1995Randy Savage
82.3%
Date Wrestler % Correct
Jan 22, 1996Randy Savage
82.3%
April 19, 1998Randy Savage
82.3%
Jully 11, 1999Randy Savage
82.3%
Nov 21, 1999Bret Hart
78.3%
Dec 20, 1999Bret Hart
78.3%
Oct 29, 1995The Giant
78%
April 22, 1996The Giant
78%
July 14, 1991Lex Luger
77%
August 4, 1997Lex Luger
77%
Oct 21, 2001Chris Jericho
76%
Dec 9, 2001Chris Jericho
76%
April 11, 1999Diamond Dallas Page
75.9%
April 26, 1999Diamond Dallas Page
75.9%
April 24, 2000Diamond Dallas Page
75.9%
Nov 26, 2000Scott Steiner
73.7%
Jan 16, 2000Chris Benoit
72.6%
August 19, 2001The Rock
71.3%
Nov 5, 2001The Rock
71.3%
April 25, 2000David Arquette
69.5%
April 16, 2000Jeff Jarrett
68.9%
May 7, 2000Jeff Jarrett
68.9%
May 22, 2000Jeff Jarrett
68.9%
May 29, 2000Jeff Jarrett
68.9%
July 12, 1992Big Van Vader
67.9%
Dec 30, 1992Big Van Vader
67.9%
March 17, 1993Big Van Vader
67.9%
July 24, 2001Kurt Angle
61.2%
August 2, 1992Ron Simmons
60%
Jan 24, 2000Sid Vicious
58.6%
Jan 25, 2000Sid Vicious
58.6%
Sept 25, 2000Vince Russo
58.3%

You're not logged in!

Compare scores with friends on all Sporcle quizzes.
OR
Log In

Sporcle TV

Today on Sporcle TV


Watch our educational content, quiz creation guides, and fun videos on Sporcle TV.

Show Comments

Extras

Top Quizzes Today


Score Distribution

Your Account Isn't Verified!

In order to create a playlist on Sporcle, you need to verify the email address you used during registration. Go to your Sporcle Settings to finish the process.

Report this User

Report this user for behavior that violates our Community Guidelines.

Details: